| 000 | 01069nam a22002537a 4500 | ||
|---|---|---|---|
| 999 |
_c1240 _d1240 |
||
| 003 | AR-CdUCM | ||
| 008 | 190226b ||||| |||| 00| 0 spa d | ||
| 040 |
_aMUNICIPALIDAD PROVINCIAL DEL CUSCO _cBIBLIOTECA MUNICIPAL DEL CUSCO |
||
| 082 |
_a303 / _bD84 |
||
| 100 |
_aMesa redonda sobre expresiones de la cultura boliviana en el lapso 1925-1974 _94831 |
||
| 245 |
_aDualismo o pluralismo cultural en Bolivia : _banálisis de la cultura criolla / |
||
| 260 |
_aLa Paz : _bCasa Municipal de la Cultura Franz Tamayo, _c1977. |
||
| 300 |
_a256 páginas ; _c24 cm. |
||
| 440 |
_aBiblioteca Paceña. Nueva Serie _94832 |
||
| 500 | _aAuspiciada por el H. Consejo Municipal de Cultura, el Instituto de Investigaciones Históricas y Culturales, y el Instituto de la Cultura Aymara. | ||
| 505 | _aTomo 2 | ||
| 650 |
_aCongresos _92448 |
||
| 650 |
_aRecursos Naturales _91988 |
||
| 650 |
_aCultura boliviana _94833 |
||
| 650 |
_aDesarrollo de Bolivia _94834 |
||
| 700 |
_aCasa Municipal de la Cultura Franz Tamayo _94835 |
||
| 942 |
_2ddc _cLIBROS |
||
| 945 |
_araen _d2019-02-26 |
||